| 000 | 00362nam a2200145Ia 4500 | ||
|---|---|---|---|
| 005 | 20251222144659.0 | ||
| 008 | 251222s9999||||xx |||||||||||||| ||spa|| | ||
| 020 | _a8790730801 | ||
| 082 | _a305.800.985.7/H87 | ||
| 100 | _aHuertas Castillo, Beatriz | ||
| 245 | 0 | _aLos Pueblos IndÃgenas de Madre de Dios | |
| 250 | _a1ra.ed. | ||
| 264 | _bIWGIA | ||
| 942 | _cLIB | ||
| 999 |
_c17362 _d17362 |
||